[Event "CAN-Zonal qual. Online"]
[Site "Internet Chess Club"]
[Date "2021.05.31"]
[Round "1"]
[White "Preotu, Razvan"]
[Black "Thavandiran, Shiyam"]
[Result "1/2-1/2"]
[WhiteElo "2487"]
[BlackElo "2420"]
[PlyCount "207"]
[EventDate "2021.05.31"]
[EventType "tourn (rapid)"]
[EventRounds "11"]
[EventCountry "CAN"]

1. e4 g6 2. d4 Bg7 3. Nc3 c6 4. f4 Qb6 5. Nf3 d5 6. exd5 Nh6 7. dxc6 Nxc6 8. d5
Nd4 9. Nxd4 Bxd4 10. Bb5+ Kf8 11. Qd2 Nf5 12. Bd3 Bd7 13. Nd1 e6 14. c3 Bc5 15.
b4 Bd6 16. Qf2 exd5 17. O-O Qxf2+ 18. Kxf2 a5 19. Bd2 axb4 20. cxb4 Ra3 21. Bc3
Rg8 22. g3 Nxg3 23. hxg3 d4 24. Bxd4 Rxd3 25. Bc3 g5 26. Be5 gxf4 27. Bxd6+
Rxd6 28. gxf4 Bb5 29. Re1 Rd4 30. a3 Rxf4+ 31. Ke3 Rh4 32. Kd2 Rg2+ 33. Kc3
Rc4+ 34. Kb3 Rc6 35. Ne3 Rg3 36. Kb2 Re6 37. Nc2 Rg2 38. Rxe6 fxe6 39. Kc3 Rg3+
40. Kd4 Ba4 41. Ne3 e5+ 42. Kd3 Bb5+ 43. Kd2 h5 44. Rh1 Be8 45. Rh4 Bg6 46. Rc4
Rf3 47. Rc5 Rf2+ 48. Kc3 h4 49. Rxe5 h3 50. Ng4 Rg2 51. Re3 Rxg4 52. Rxh3 Bf7
53. Re3 Rc4+ 54. Kb2 Rc6 55. a4 Ra6 56. Ka3 Be8 57. a5 Rf6 58. Kb3 Bd7 59. Kc4
Rc6+ 60. Kd4 Rc1 61. Kd5 Bc6+ 62. Kd6 Rc4 63. Re5 Rxb4 64. a6 Ra4 65. axb7 Bxb7
66. Rf5+ Kg7 67. Rf1 Rd4+ 68. Ke5 Rd5+ 69. Ke6 Rd2 70. Rg1+ Bg2 71. Re1 Bh3+
72. Ke5 Kf7 73. Re3 Be6 74. Rf3+ Ke7 75. Ra3 Rd5+ 76. Ke4 Rh5 77. Ra7+ Kf6 78.
Ra6 Rh4+ 79. Ke3 Ke5 80. Ra8 Rh3+ 81. Ke2 Rh2+ 82. Ke3 Rh3+ 83. Ke2 Bc4+ 84.
Kd2 Kd4 85. Rd8+ Bd5 86. Rd7 Rh2+ 87. Kd1 Kc4 88. Ke1 Be6 89. Rd2 Rh3 90. Kf2
Bd5 91. Rd1 Rf3+ 92. Ke2 Rh3 93. Kf2 Kc5 94. Rd2 Kd6 95. Re2 Bc6 96. Re3 Rh2+
97. Kg3 Rg2+ 98. Kf4 Rf2+ 99. Kg5 Bd5 100. Ra3 Ke5 101. Ra5 Rf5+ 102. Kg4 Rf2
103. Kg5 Rg2+ 104. Kh5 1/2-1/2

[Event "CAN-Zonal qual. Online"]
[Site "Internet Chess Club"]
[Date "2021.05.31"]
[Round "1"]
[White "Rusonik, Max"]
[Black "Gedajlovic, Max"]
[Result "0-1"]
[WhiteElo "2047"]
[BlackElo "2270"]
[PlyCount "86"]
[EventDate "2021.05.31"]
[EventType "tourn (rapid)"]
[EventRounds "11"]
[EventCountry "CAN"]

1. e4 e6 2. d4 d5 3. Nc3 Bb4 4. e5 c5 5. a3 Bxc3+ 6. bxc3 Ne7 7. h4 Qc7 8. h5
h6 9. Rb1 b6 10. Qg4 cxd4 11. Qxg7 Rg8 12. Qxh6 Qxe5+ 13. Ne2 dxc3 14. Qf4 Qxf4
15. Bxf4 Nbc6 16. Nxc3 e5 17. Bg3 Be6 18. Ba6 f6 19. Rd1 Rd8 20. Ne2 Kf7 21. f4
Nf5 22. Kf2 e4 23. Rh3 d4 24. Bb7 Ne3 25. Rd2 Nc4 26. Rd1 e3+ 27. Ke1 N6a5 28.
Be4 Bxh3 29. gxh3 Nd2 30. Bg6+ Ke7 31. f5 Nc6 32. Nf4 Ne5 33. Ne6 Rd7 34. Ke2
Ne4 35. Be1 Nc6 36. h4 Nc5 37. Nf4 a5 38. h6 Ne5 39. h5 Rh8 40. h7 Kf8 41. Bh4
Ke7 42. h6 Ne4 43. Nh5 Nc3+ 0-1

[Event "CAN-Zonal qual. Online"]
[Site "Internet Chess Club"]
[Date "2021.05.31"]
[Round "1"]
[White "Talukdar, Rohan"]
[Black "Kleinman, Michael"]
[Result "1-0"]
[WhiteElo "2341"]
[BlackElo "2387"]
[PlyCount "95"]
[EventDate "2021.05.31"]
[EventType "tourn (rapid)"]
[EventRounds "11"]
[EventCountry "CAN"]

1. e4 c5 2. Nc3 e6 3. f4 a6 4. Nf3 Nc6 5. d3 d5 6. Be2 dxe4 7. dxe4 Qxd1+ 8.
Nxd1 Nd4 9. Nxd4 cxd4 10. c3 dxc3 11. Nxc3 Bc5 12. Bd2 Bd7 13. Bf3 Bc6 14. Rc1
Bd4 15. Ke2 Ne7 16. Be3 Bxe3 17. Kxe3 O-O 18. Ne2 e5 19. fxe5 Ng6 20. e6 fxe6
21. Nd4 Bd7 22. Rc7 Ne5 23. Rxb7 Rab8 24. Rxb8 Rxb8 25. b3 Rc8 26. Kd2 Kf7 27.
Rc1 Rxc1 28. Kxc1 a5 29. Kd2 Ke7 30. Be2 Kd6 31. a3 g5 32. b4 axb4 33. axb4 Nf7
34. Ke3 h6 35. Nb3 Ne5 36. Na5 Nf7 37. Nc4+ Kc7 38. Kd4 Bb5 39. Kc5 Bxc4 40.
Bxc4 Nd8 41. Ba6 Nf7 42. b5 Kb8 43. b6 h5 44. Bc4 Nd8 45. Kd6 Kb7 46. Bxe6 Kxb6
47. Bd5 h4 48. h3 1-0

[Event "CAN-Zonal qual. Online"]
[Site "Internet Chess Club"]
[Date "2021.05.31"]
[Round "2"]
[White "Bareev, Evgeny"]
[Black "Gedajlovic, Max"]
[Result "1-0"]
[WhiteElo "2638"]
[BlackElo "2270"]
[PlyCount "89"]
[EventDate "2021.05.31"]
[EventType "tourn (rapid)"]
[EventRounds "11"]
[EventCountry "CAN"]

1. Nf3 Nf6 2. c4 e6 3. g3 d5 4. Bg2 c6 5. b3 Bd6 6. Bb2 O-O 7. O-O b6 8. d4
Nbd7 9. Nbd2 Bb7 10. Qc2 c5 11. cxd5 exd5 12. Ne5 Re8 13. Nxd7 Nxd7 14. dxc5
bxc5 15. Nc4 Be7 16. Rfd1 Nb6 17. Nxb6 axb6 18. Qf5 Bf6 19. Bxd5 Bxd5 20. Rxd5
Bxb2 21. Rxd8 Raxd8 22. Re1 Rd2 23. Qf3 g6 24. e3 Be5 25. Re2 Rd6 26. Kg2 Kg7
27. h4 h5 28. Rc2 Bf6 29. Qe2 Ra8 30. a4 Rad8 31. Qb5 Ra8 32. b4 cxb4 33. Qxb4
Rd7 34. Rc6 Bd8 35. Qb5 Rda7 36. Rd6 Ra5 37. Qb2+ Kg8 38. Qb3 Kg7 39. Rd7 Rf5
40. e4 Rf6 41. Qd3 Rxa4 42. Rxd8 Ra2 43. Qd4 b5 44. e5 Re6 45. Qc5 1-0

[Event "CAN-Zonal qual. Online"]
[Site "Internet Chess Club"]
[Date "2021.05.31"]
[Round "2"]
[White "Chen, Max"]
[Black "Talukdar, Rohan"]
[Result "0-1"]
[WhiteElo "1997"]
[BlackElo "2341"]
[PlyCount "107"]
[EventDate "2021.05.31"]
[EventType "tourn (rapid)"]
[EventRounds "11"]
[EventCountry "CAN"]

1. e4 g6 2. d4 Bg7 3. Nc3 c6 4. Nf3 d6 5. h3 Nf6 6. a3 O-O 7. Be2 Nbd7 8. O-O
e5 9. Bg5 Qc7 10. Qd2 exd4 11. Nxd4 Re8 12. f3 d5 13. exd5 Nxd5 14. Nxd5 cxd5
15. Be3 Nf6 16. Rfe1 Bd7 17. c3 Re7 18. Bb5 Nh5 19. Bxd7 Rxd7 20. g4 Nf6 21.
Bf4 Qb6 22. Re3 Ne8 23. Rae1 Rdd8 24. Kg2 Nd6 25. Bxd6 Qxd6 26. Re7 Bf6 27.
Rxb7 Bh4 28. Re2 Qg3+ 29. Kh1 Re8 30. Rxa7 Qxh3+ 31. Kg1 Qg3+ 32. Kf1 Rac8 33.
Rd7 Kf8 34. Qh6+ Kg8 35. Qd2 h5 36. Rxd5 hxg4 37. fxg4 Qxg4 38. a4 Qh3+ 39. Kg1
Qg3+ 40. Kf1 Bf6 41. Rg2 Qh3 42. Kg1 Re4 43. Ne2 Rce8 44. a5 Qf3 45. Rd3 Qh5
46. Ng3 Re1+ 47. Nf1 Qc5+ 48. Qf2 Qc4 49. Rf3 Bh4 50. Qd4 Rxf1+ 51. Rxf1 Qxf1+
52. Kh2 Bf6 53. Qd7 Be5+ 54. Kh3 0-1

[Event "CAN-Zonal qual. Online"]
[Site "Internet Chess Club"]
[Date "2021.05.31"]
[Round "2"]
[White "Kleinman, Michael"]
[Black "Plotkin, Mark"]
[Result "1/2-1/2"]
[WhiteElo "2387"]
[BlackElo "2430"]
[PlyCount "108"]
[EventDate "2021.05.31"]
[EventType "tourn (rapid)"]
[EventRounds "11"]
[EventCountry "CAN"]

1. e4 e5 2. Nf3 Nc6 3. Bb5 a6 4. Ba4 g6 5. c3 Bg7 6. d4 Nge7 7. O-O O-O 8. dxe5
Nxe5 9. Nxe5 Bxe5 10. Bh6 Bg7 11. Bxg7 Kxg7 12. Qd4+ Kg8 13. Bb3 Nc6 14. Qe3 d6
15. Nd2 Be6 16. Rae1 Re8 17. f4 Bxb3 18. axb3 f5 19. Qd3 Qf6 20. b4 fxe4 21.
Nxe4 Qf5 22. Qd5+ Kg7 23. Qxf5 gxf5 24. Ng5 Rac8 25. Ne6+ Kf7 26. Ng5+ Kg6 27.
Kf2 h6 28. Nf3 Re4 29. g3 Rce8 30. Nd2 Rxe1 31. Rxe1 Rxe1 32. Kxe1 Ne7 33. Ke2
Kf6 34. Kd3 Ke6 35. Nb3 b6 36. Nd4+ Kd7 37. Nc2 c5 38. bxc5 dxc5 39. Ne3 Ke6
40. h3 h5 41. c4 Nc6 42. g4 fxg4 43. hxg4 h4 44. Ke4 Nd4 45. g5 h3 46. f5+ Kf7
47. Ng4 b5 48. cxb5 axb5 49. g6+ Kg7 50. Kf4 b4 51. Kg5 Nxf5 52. Kxf5 c4 53.
Ke4 c3 54. bxc3 bxc3 1/2-1/2

[Event "CAN-Zonal qual. Online"]
[Site "Internet Chess Club"]
[Date "2021.05.31"]
[Round "2"]
[White "Plotkin, Victor"]
[Black "Preotu, Razvan"]
[Result "0-1"]
[WhiteElo "2367"]
[BlackElo "2487"]
[PlyCount "100"]
[EventDate "2021.05.31"]
[EventType "tourn (rapid)"]
[EventRounds "11"]
[EventCountry "CAN"]

1. e4 c5 2. Nf3 d6 3. Bb5+ Nd7 4. c3 Ngf6 5. Qe2 a6 6. Ba4 e6 7. O-O b5 8. Bc2
Bb7 9. d4 Be7 10. Nbd2 cxd4 11. cxd4 Rc8 12. Bd3 O-O 13. Rd1 e5 14. Nf1 Re8 15.
Ng3 exd4 16. Nxd4 d5 17. e5 Bc5 18. Nf3 Ng4 19. Bxh7+ Kf8 20. Rf1 Qb6 21. Bf5
Ngxe5 22. Nxe5 Rxe5 23. Qh5 g6 24. Qh6+ Ke8 25. Qh8+ Ke7 26. Qh4+ Kd6 27. Bf4
gxf5 28. Nxf5+ Kc7 29. Rfe1 Qe6 30. Bxe5+ Nxe5 31. Ne3 Rg8 32. Kh1 d4 33. Rac1
dxe3 34. Rxc5+ Kb6 35. f3 Kxc5 36. Rc1+ Nc4 37. b3 Qg6 38. Qh3 e2 39. bxc4 Qc2
40. Qh5+ f5 41. Re1 bxc4 42. Qf7 Bd5 43. Qe7+ Kc6 44. Rxe2 Qc1+ 45. Re1 Qg5 46.
Re2 Qxe7 47. Rxe7 Kc5 48. Kg1 c3 49. Kf2 c2 50. Re1 Kd4 0-1

[Event "CAN-Zonal qual. Online"]
[Site "Internet Chess Club"]
[Date "2021.05.31"]
[Round "2"]
[White "Thavandiran, Shiyam"]
[Black "Rusonik, Max"]
[Result "1/2-1/2"]
[WhiteElo "2420"]
[BlackElo "2047"]
[PlyCount "102"]
[EventDate "2021.05.31"]
[EventType "tourn (rapid)"]
[EventRounds "11"]
[EventCountry "CAN"]

1. e4 e5 2. Bc4 Nf6 3. d3 Nc6 4. Nc3 Bc5 5. Bg5 Na5 6. a3 Nxc4 7. dxc4 c6 8.
Qd2 d6 9. Nge2 Be6 10. b3 Qe7 11. O-O Rd8 12. Ng3 h6 13. Be3 d5 14. Bxc5 Qxc5
15. Na4 Qe7 16. exd5 cxd5 17. cxd5 b5 18. Nc3 Nxd5 19. Nxb5 Qb7 20. Qa5 O-O 21.
Ne2 f5 22. Rad1 f4 23. c4 f3 24. gxf3 Nf4 25. Nxf4 Rxd1 26. Rxd1 Qxf3 27. Rd3
Qxf4 28. Qd2 Qf6 29. Nc3 h5 30. Nd5 Bxd5 31. cxd5 h4 32. h3 e4 33. Rc3 Qd6 34.
b4 Rf3 35. Rc8+ Kh7 36. Qg5 Rxh3 37. Qh5+ Qh6 38. Qg4 Rxa3 39. Qxe4+ Qg6+ 40.
Qxg6+ Kxg6 41. Rc4 Rd3 42. Rxh4 Rxd5 43. Rc4 a5 44. bxa5 Rxa5 45. Rg4+ Rg5 46.
Rxg5+ Kxg5 47. Kg2 Kg4 48. f3+ Kf4 49. Kf2 g5 50. Kg2 g4 51. fxg4 Kxg4 1/2-1/2

[Event "CAN-Zonal qual. Online"]
[Site "Internet Chess Club"]
[Date "2021.06.01"]
[Round "3"]
[White "Gedajlovic, Max"]
[Black "Thavandiran, Shiyam"]
[Result "0-1"]
[WhiteElo "2270"]
[BlackElo "2420"]
[PlyCount "78"]
[EventDate "2021.05.31"]
[EventType "tourn (rapid)"]
[EventRounds "11"]
[EventCountry "CAN"]

1. d4 Nf6 2. c4 d6 3. Nc3 Nbd7 4. e4 e5 5. Nf3 g6 6. h3 Bg7 7. d5 a5 8. Be3 O-O
9. g4 Nc5 10. Nd2 Ne8 11. Rg1 f5 12. gxf5 gxf5 13. exf5 Bxf5 14. Nb3 Qe7 15.
Be2 Kh8 16. h4 Qxh4 17. Qd2 Bg6 18. Nxc5 dxc5 19. O-O-O Nd6 20. Rh1 Qf6 21.
Bxc5 e4 22. Be3 Nf5 23. c5 a4 24. Bg5 Qf7 25. d6 cxd6 26. cxd6 a3 27. d7 axb2+
28. Qxb2 Nd4 29. Bh6 Nxe2+ 30. Qxe2 Bxc3 31. Bxf8 Qxf8 32. Rd5 e3 33. Qxe3 Qa3+
34. Kd1 Qa4+ 35. Ke2 Qc4+ 36. Rd3 Bxd3+ 37. Qxd3 Rxa2+ 38. Ke3 Bd2+ 39. Ke2
Bg5+ 0-1

[Event "CAN-Zonal qual. Online"]
[Site "Internet Chess Club"]
[Date "2021.06.01"]
[Round "3"]
[White "Plotkin, Mark"]
[Black "Chen, Max"]
[Result "0-1"]
[WhiteElo "2430"]
[BlackElo "1997"]
[PlyCount "84"]
[EventDate "2021.05.31"]
[EventType "tourn (rapid)"]
[EventRounds "11"]
[EventCountry "CAN"]

1. c4 Nf6 2. Nc3 d5 3. cxd5 Nxd5 4. Nf3 g6 5. h4 h6 6. Qb3 Nb6 7. e4 Nc6 8. d4
Bg7 9. d5 Nd4 10. Nxd4 Bxd4 11. a4 c6 12. a5 Nd7 13. Qc4 Bg7 14. dxc6 Ne5 15.
cxb7 Bxb7 16. Qa4+ Bc6 17. Bb5 Bxb5 18. Qxb5+ Qd7 19. Ke2 Nc6 20. Rd1 Nd4+ 21.
Rxd4 Bxd4 22. Qxd7+ Kxd7 23. Nb5 Bg7 24. Be3 a6 25. Rd1+ Kc6 26. Na7+ Rxa7 27.
Bxa7 Bxb2 28. Rb1 Be5 29. Be3 Bc7 30. Bb6 Bd6 31. Rc1+ Kd7 32. Rd1 Ke6 33. Be3
h5 34. f4 Rb8 35. Rc1 Rb2+ 36. Kd3 Rb3+ 37. Ke2 Kd7 38. Rd1 Ke6 39. Rd5 f5 40.
Kf3 fxe4+ 41. Kxe4 Rxe3+ 42. Kxe3 Kxd5 0-1

[Event "CAN-Zonal qual. Online"]
[Site "Internet Chess Club"]
[Date "2021.06.01"]
[Round "3"]
[White "Preotu, Razvan"]
[Black "Kleinman, Michael"]
[Result "0-1"]
[WhiteElo "2487"]
[BlackElo "2387"]
[PlyCount "72"]
[EventDate "2021.05.31"]
[EventType "tourn (rapid)"]
[EventRounds "11"]
[EventCountry "CAN"]

1. e4 c5 2. Nf3 e6 3. c3 d5 4. exd5 exd5 5. d4 c4 6. Be2 Bd6 7. O-O Ne7 8. b3
cxb3 9. axb3 O-O 10. Na3 Nbc6 11. h3 Bf5 12. Nh4 Be6 13. Bd3 Ng6 14. Nf5 Bb8
15. Qh5 Nce7 16. Nxe7+ Qxe7 17. f4 a6 18. Nb5 Bxf4 19. Ba3 Be3+ 20. Kh1 Qd7 21.
Bxf8 Rxf8 22. Rae1 Bd2 23. Rd1 Bh6 24. Na3 Qd6 25. Nc2 Rc8 26. Rf3 Rxc3 27.
Bxg6 hxg6 28. Qxh6 Rxf3 29. Qg5 Rxb3 30. Ne1 Rc3 31. Nd3 Bf5 32. Nc5 b6 33. Re1
f6 34. Qd2 Rc2 35. Re8+ Kf7 36. Nb7 Qc7 0-1

[Event "CAN-Zonal qual. Online"]
[Site "Internet Chess Club"]
[Date "2021.06.01"]
[Round "3"]
[White "Rusonik, Max"]
[Black "Plotkin, Victor"]
[Result "1-0"]
[WhiteElo "2047"]
[BlackElo "2367"]
[PlyCount "145"]
[EventDate "2021.05.31"]
[EventType "tourn (rapid)"]
[EventRounds "11"]
[EventCountry "CAN"]

1. e4 e6 2. d4 d5 3. Nc3 dxe4 4. Nxe4 Be7 5. Nf3 Nd7 6. c3 Ngf6 7. Bd3 Nxe4 8.
Bxe4 Nf6 9. Bc2 O-O 10. Bg5 h6 11. Bxf6 Bxf6 12. Qd3 Re8 13. O-O-O b6 14. Qh7+
Kf8 15. Be4 Rb8 16. Bc6 Bd7 17. d5 e5 18. d6 cxd6 19. Rxd6 Bxc6 20. Rxd8 Rbxd8
21. Re1 Rd6 22. Nd4 Bd7 23. Nf5 Bxf5 24. Qxf5 g6 25. Qe4 Red8 26. Re2 Kg7 27.
g3 Kh7 28. h4 Bg7 29. h5 f5 30. Qc2 e4 31. g4 Be5 32. hxg6+ Kg7 33. a4 Rd1+ 34.
Qxd1 Rxd1+ 35. Kxd1 Kxg6 36. f3 Kf6 37. gxf5 exf3 38. Rf2 Kxf5 39. Rxf3+ Bf4
40. Ke2 h5 41. Rd3 h4 42. Kf3 Bc1 43. Rd5+ Ke6 44. Rb5 Bd2 45. Kg4 Be1 46. a5
Bf2 47. a6 Kd6 48. Rf5 Be3 49. b4 Bd2 50. Rf7 Bxc3 51. Rxa7 b5 52. Rd7+ Kxd7
53. a7 Bxb4 54. a8=Q Be7 55. Qb7+ Ke6 56. Qxb5 Bf6 57. Qf5+ Kf7 58. Kh5 Ke7 59.
Qd5 h3 60. Qh1 Ke6 61. Qxh3+ Ke5 62. Kg6 Be7 63. Qf1 Kd6 64. Qe2 Bd8 65. Kf5
Bb6 66. Qd3+ Kc5 67. Ke6 Bc7 68. Qc3+ Kb6 69. Kd5 Bb8 70. Qb4+ Kc7 71. Qb5 Ba7
72. Qc6+ Kb8 73. Qd7 1-0

[Event "CAN-Zonal qual. Online"]
[Site "Internet Chess Club"]
[Date "2021.06.01"]
[Round "3"]
[White "Talukdar, Rohan"]
[Black "Bellissimo, Joseph"]
[Result "1/2-1/2"]
[WhiteElo "2341"]
[BlackElo "2203"]
[PlyCount "126"]
[EventDate "2021.05.31"]
[EventType "tourn (rapid)"]
[EventRounds "11"]
[EventCountry "CAN"]

1. e4 e6 2. d4 d5 3. Nd2 Nf6 4. e5 Nfd7 5. Bd3 c5 6. c3 Nc6 7. Ne2 cxd4 8. cxd4
f6 9. exf6 Nxf6 10. Nf3 Bd6 11. O-O Qc7 12. g3 O-O 13. Bf4 e5 14. dxe5 Nxe5 15.
Nxe5 Bxe5 16. Rc1 Qd6 17. Qb3 Kh8 18. Bxe5 Qxe5 19. Nf4 b6 20. Rfe1 Qd6 21. Bb5
Bd7 22. Bxd7 Qxd7 23. Rcd1 d4 24. Qc4 Rfe8 25. Rxe8+ Rxe8 26. Rxd4 Qb7 27. Rd1
Qf3 28. Qd3 Qc6 29. Qc3 Qa4 30. b3 Qxa2 31. Ra1 Qxf2+ 32. Kxf2 Ne4+ 33. Kf3
Nxc3 34. Rxa7 g5 35. Nh5 Nd5 36. Rd7 Rf8+ 37. Kg4 Nf6+ 38. Nxf6 Rxf6 39. Kxg5
Rc6 40. Rb7 Kg8 41. Kf5 Rc5+ 42. Kf6 Rc6+ 43. Ke5 Rc5+ 44. Kd4 Rc6 45. b4 Rh6
46. h4 Rg6 47. Ke5 Rxg3 48. Rxb6 Rg4 49. h5 Kg7 50. h6+ Kg8 51. b5 Rg5+ 52. Kd6
Kf7 53. Kc7 Ke7 54. Kb7 Kd7 55. Ka6 Kc8 56. Rf6 Rg8 57. b6 Kb8 58. Rf7 Rh8 59.
Rg7 Ka8 60. Ra7+ Kb8 61. b7 Kc7 62. Ra8 Rb8 63. Ra7 Kc6 1/2-1/2

[Event "CAN-Zonal qual. Online"]
[Site "Internet Chess Club"]
[Date "2021.06.01"]
[Round "4"]
[White "Bareev, Evgeny"]
[Black "Thavandiran, Shiyam"]
[Result "0-1"]
[WhiteElo "2638"]
[BlackElo "2420"]
[PlyCount "58"]
[EventDate "2021.05.31"]
[EventType "tourn (rapid)"]
[EventRounds "11"]
[EventCountry "CAN"]

1. c4 Nf6 2. Nc3 d6 3. g3 g6 4. Bg2 Bg7 5. Nf3 e5 6. O-O O-O 7. d3 Nc6 8. Rb1
a5 9. a3 Nh5 10. b4 axb4 11. axb4 f5 12. b5 Ne7 13. Qb3 Kh8 14. Bd2 h6 15. Ra1
Be6 16. Rxa8 Qxa8 17. Ne1 f4 18. Ne4 Qd8 19. Nc2 Qd7 20. b6 c6 21. Bb4 c5 22.
Bxc5 dxc5 23. Nxc5 Qc8 24. Qb5 f3 25. Bxf3 Rxf3 26. exf3 Bh3 27. Re1 Nc6 28.
Ne4 Qf8 29. Nd2 Nf4 {Time} 0-1

[Event "CAN-Zonal qual. Online"]
[Site "Internet Chess Club"]
[Date "2021.06.01"]
[Round "4"]
[White "Bellissimo, Joseph"]
[Black "Plotkin, Mark"]
[Result "0-1"]
[WhiteElo "2203"]
[BlackElo "2430"]
[PlyCount "86"]
[EventDate "2021.05.31"]
[EventType "tourn (rapid)"]
[EventRounds "11"]
[EventCountry "CAN"]

1. e4 e5 2. Nf3 Nc6 3. Bc4 Nf6 4. d4 exd4 5. e5 d5 6. Bb5 Ne4 7. Nxd4 Bd7 8.
Bxc6 bxc6 9. O-O Be7 10. f3 Ng5 11. Be3 Rb8 12. Nb3 Ra8 13. Nc3 f5 14. exf6
Bxf6 15. f4 Nf7 16. Bc5 Nd6 17. Re1+ Kf7 18. Nxd5 cxd5 19. Qxd5+ Kg6 20. Re3 h5
21. Bxd6 cxd6 22. Rg3+ Kh6 23. Re1 Re8 24. Ree3 Rxe3 25. Rxe3 Qb6 26. Kf2 Re8
27. Qd2 Ba4 28. c3 Bxb3 29. axb3 g5 30. g3 gxf4 31. gxf4 Rxe3 32. Qxe3 Qxe3+
33. Kxe3 d5 34. c4 dxc4 35. bxc4 Bxb2 36. Ke4 Kg7 37. Kd5 Bc1 38. Ke5 Be3 39.
f5 Kf7 40. Ke4 Bg1 41. h3 Kf6 42. Kf4 a5 43. Ke4 a4 0-1

[Event "CAN-Zonal qual. Online"]
[Site "Internet Chess Club"]
[Date "2021.06.01"]
[Round "4"]
[White "Chen, Max"]
[Black "Preotu, Razvan"]
[Result "0-1"]
[WhiteElo "1997"]
[BlackElo "2487"]
[PlyCount "110"]
[EventDate "2021.05.31"]
[EventType "tourn (rapid)"]
[EventRounds "11"]
[EventCountry "CAN"]

1. e4 c5 2. c3 Nf6 3. e5 Nd5 4. d4 cxd4 5. Nf3 Nc6 6. cxd4 d6 7. Bc4 Nb6 8. Bb5
dxe5 9. Nxe5 Bd7 10. Nxd7 Qxd7 11. Nc3 e6 12. O-O a6 13. Bxc6 Qxc6 14. Re1 Bb4
15. Qb3 Qc4 16. Qxc4 Nxc4 17. d5 Bxc3 18. bxc3 e5 19. Rb1 O-O-O 20. Rd1 Rd7 21.
Rb4 Rc7 22. d6 Rd8 23. Kf1 Rxd6 24. Rxd6 Nxd6 25. Bd2 Kd7 26. Ke2 Ke6 27. f3
Rc4 28. Rb2 b5 29. Kd3 f5 30. Be1 Ra4 31. Re2 g5 32. h3 h5 33. Rc2 f4 34. Re2
Kd5 35. Bf2 Ra3 36. Be1 b4 37. Rb2 bxc3 38. Rb8 Rxa2 39. Bxc3 Rxg2 40. Bb4 Nf7
41. Rb7 Ke6 42. Rb6+ Kd5 43. Rb7 a5 44. Bf8 Ke6 45. Rb6+ Kd7 46. Rb7+ Ke8 47.
Bc5 g4 48. hxg4 hxg4 49. fxg4 Rg3+ 50. Ke4 Rxg4 51. Re7+ Kf8 52. Rxe5+ Kg7 53.
Re6 Ng5+ 54. Kf5 Nxe6 55. Bb6 Rg6 0-1

[Event "CAN-Zonal qual. Online"]
[Site "Internet Chess Club"]
[Date "2021.06.01"]
[Round "4"]
[White "Kleinman, Michael"]
[Black "Rusonik, Max"]
[Result "1-0"]
[WhiteElo "2387"]
[BlackElo "2047"]
[PlyCount "109"]
[EventDate "2021.05.31"]
[EventType "tourn (rapid)"]
[EventRounds "11"]
[EventCountry "CAN"]

1. e4 e5 2. Nf3 Nc6 3. Bb5 a6 4. Ba4 Nf6 5. O-O Nxe4 6. d4 b5 7. Bb3 d5 8. dxe5
Be6 9. Nbd2 Be7 10. c3 O-O 11. Bc2 f5 12. exf6 Nxf6 13. h3 Qd7 14. Ng5 Bf5 15.
Nb3 Rae8 16. Be3 h6 17. Bxf5 Qxf5 18. Nf3 Bd6 19. Bc5 Ne5 20. Bxd6 Nxf3+ 21.
Qxf3 Qxf3 22. gxf3 cxd6 23. Nd4 Nh5 24. a4 Nf4 25. Kh2 Ne2 26. axb5 Nxd4 27.
cxd4 axb5 28. Ra3 Re2 29. Rb3 Rb8 30. Kg3 Rd2 31. Rb4 Rc2 32. Rd1 Kf7 33. Rd3
Rc4 34. Rdb3 Ke6 35. Kf4 Rxb4 36. Rxb4 g6 37. Kg4 Kd7 38. f4 Kc6 39. Rb3 Re8
40. Re3 Re4 41. Rxe4 dxe4 42. h4 Kd5 43. h5 gxh5+ 44. Kxh5 Kxd4 45. f5 Ke5 46.
Kg6 Kf4 47. f6 Kf3 48. f7 Kxf2 49. f8=Q+ Ke2 50. Qxd6 e3 51. Kf5 Ke1 52. Ke4 e2
53. Ke3 Kf1 54. Qf4+ Ke1 55. Qf2+ 1-0

[Event "CAN-Zonal qual. Online"]
[Site "Internet Chess Club"]
[Date "2021.06.01"]
[Round "4"]
[White "Plotkin, Victor"]
[Black "Gedajlovic, Max"]
[Result "0-1"]
[WhiteElo "2367"]
[BlackElo "2270"]
[PlyCount "78"]
[EventDate "2021.05.31"]
[EventType "tourn (rapid)"]
[EventRounds "11"]
[EventCountry "CAN"]

1. e4 e6 2. d4 d5 3. exd5 exd5 4. Nf3 Nf6 5. Bd3 c5 6. O-O c4 7. Re1+ Be7 8.
Bf1 Nc6 9. b3 cxb3 10. axb3 O-O 11. c3 Bg4 12. h3 Bh5 13. Bd3 Re8 14. Bf4 Qd7
15. Nbd2 Bd6 16. Bg5 Rxe1+ 17. Qxe1 Bxf3 18. Nxf3 Re8 19. Qc1 Ne4 20. Be3 a6
21. Qc2 Bb8 22. Re1 f5 23. Bc1 Rc8 24. Qb2 Bd6 25. Bb1 b5 26. Nd2 Ne7 27. Nxe4
fxe4 28. c4 bxc4 29. bxc4 Rxc4 30. Ba2 Rb4 31. Qc3 Kh8 32. Bg5 Rb5 33. Rc1 Ng8
34. Qc6 Qf5 35. Be3 Bf4 36. Qxa6 Bxe3 37. fxe3 Rb2 38. Rf1 Qg5 39. Rf2 Qxe3 0-1

[Event "CAN-Zonal qual. Online"]
[Site "Internet Chess Club"]
[Date "2021.06.01"]
[Round "5"]
[White "Gedajlovic, Max"]
[Black "Kleinman, Michael"]
[Result "0-1"]
[WhiteElo "2270"]
[BlackElo "2387"]
[PlyCount "112"]
[EventDate "2021.05.31"]
[EventType "tourn (rapid)"]
[EventRounds "11"]
[EventCountry "CAN"]

1. d4 Nf6 2. Nf3 g6 3. Nbd2 Bg7 4. e4 d5 5. e5 Ne4 6. Nxe4 dxe4 7. Ng5 c5 8.
Bc4 O-O 9. c3 Nc6 10. Be3 cxd4 11. cxd4 b5 12. Bb3 Bb7 13. Bxf7+ Rxf7 14. Qb3
Qe8 15. Nxf7 Qxf7 16. Qxb5 Rb8 17. Rc1 Qe6 18. d5 Qxe5 19. Rxc6 Bxc6 20. Qxc6
Rxb2 21. O-O Kf7 22. a4 a5 23. Rd1 Qd6 24. Qc8 Rb4 25. h3 Rxa4 26. Bf4 Be5 27.
Bxe5 Qxe5 28. Qc1 Rd4 29. Rxd4 Qxd4 30. Qc6 a4 31. Qe6+ Kf8 32. Qc8+ Kg7 33.
Qd7 Qa1+ 34. Kh2 Qe5+ 35. g3 a3 36. Qa7 Qd6 37. Qd4+ Qf6 38. Qa7 Kf7 39. d6
Qxd6 40. Qb7 a2 41. Qb3+ Qe6 42. Qb2 Qc4 43. Kg2 Qa4 44. Qa1 e5 45. h4 Ke6 46.
h5 gxh5 47. Kh3 Qb3 48. Qc1 Qa4 49. Qa1 Kf5 50. Kh4 e3+ 51. f4 exf4 52. g4+
hxg4 53. Qh1 f3 54. Qc1 a1=Q 55. Qc5+ Ke4 56. Qc2+ Qxc2 0-1

[Event "CAN-Zonal qual. Online"]
[Site "Internet Chess Club"]
[Date "2021.06.01"]
[Round "5"]
[White "Preotu, Razvan"]
[Black "Bellissimo, Joseph"]
[Result "1-0"]
[WhiteElo "2487"]
[BlackElo "2203"]
[PlyCount "65"]
[EventDate "2021.05.31"]
[EventType "tourn (rapid)"]
[EventRounds "11"]
[EventCountry "CAN"]

1. e4 e6 2. d4 d5 3. Nc3 Nf6 4. e5 Nfd7 5. f4 c5 6. Nf3 Nc6 7. Be3 a6 8. Qd2 b5
9. Be2 Be7 10. O-O O-O 11. a3 Bb7 12. Nd1 cxd4 13. Nxd4 Nc5 14. Nxc6 Bxc6 15.
Qc3 d4 16. Bxd4 Ne4 17. Qe3 f5 18. exf6 gxf6 19. Bf3 f5 20. Nf2 e5 21. Bxe4
fxe4 22. Bxe5 Qd5 23. Rad1 Qe6 24. Nxe4 Qg6 25. Qb3+ Rf7 26. Ng5 Raf8 27. h4 h6
28. f5 Bc5+ 29. Kh2 Qh5 30. Nxf7 Rxf7 31. Rd8+ Bf8 32. Qg3+ Kh7 33. Rxf8 1-0

[Event "CAN-Zonal qual. Online"]
[Site "Internet Chess Club"]
[Date "2021.06.01"]
[Round "5"]
[White "Rusonik, Max"]
[Black "Chen, Max"]
[Result "0-1"]
[WhiteElo "2047"]
[BlackElo "1997"]
[PlyCount "56"]
[EventDate "2021.05.31"]
[EventType "tourn (rapid)"]
[EventRounds "11"]
[EventCountry "CAN"]

1. e4 c6 2. d4 d5 3. e5 c5 4. dxc5 Nc6 5. a3 Nxe5 6. Bb5+ Bd7 7. Qxd5 Bxb5 8.
Qxe5 Nf6 9. Nf3 g6 10. Nc3 Bc6 11. Qe2 Bg7 12. O-O O-O 13. Be3 Qc7 14. Rad1 Ng4
15. Nd5 Bxd5 16. Rxd5 Bxb2 17. h3 Nxe3 18. Qxe3 Bg7 19. Rfd1 Rfd8 20. Qd3 Rxd5
21. Qxd5 Rc8 22. Qd7 Qxc5 23. Qxb7 Qxc2 24. Rd7 Be5 25. g3 Bxg3 26. Qxa7 Bd6
27. Kg2 Qc6 28. Rb7 Bc5 0-1